|
|
|
|
| LEADER |
02448nam a22004815i 4500 |
| 001 |
978-3-540-31841-5 |
| 003 |
DE-He213 |
| 005 |
20150519182501.0 |
| 007 |
cr nn 008mamaa |
| 008 |
100715s2005 gw | s |||| 0|eng d |
| 020 |
|
|
|a 9783540318415
|9 978-3-540-31841-5
|
| 024 |
7 |
|
|a 10.1007/b106731
|2 doi
|
| 040 |
|
|
|d GrThAP
|
| 050 |
|
4 |
|a QA76.9.D3
|
| 072 |
|
7 |
|a UN
|2 bicssc
|
| 072 |
|
7 |
|a UMT
|2 bicssc
|
| 072 |
|
7 |
|a COM021000
|2 bisacsh
|
| 082 |
0 |
4 |
|a 005.74
|2 23
|
| 245 |
1 |
0 |
|a Knowledge Discovery in Inductive Databases
|h [electronic resource] :
|b Third International Workshop, KDID 2004, Pisa, Italy, September 20, 2004, Revised Selected and Invited Papers /
|c edited by Bart Goethals, Arno Siebes.
|
| 264 |
|
1 |
|a Berlin, Heidelberg :
|b Springer Berlin Heidelberg,
|c 2005.
|
| 300 |
|
|
|a VIII, 200 p.
|b online resource.
|
| 336 |
|
|
|a text
|b txt
|2 rdacontent
|
| 337 |
|
|
|a computer
|b c
|2 rdamedia
|
| 338 |
|
|
|a online resource
|b cr
|2 rdacarrier
|
| 347 |
|
|
|a text file
|b PDF
|2 rda
|
| 490 |
1 |
|
|a Lecture Notes in Computer Science,
|x 0302-9743 ;
|v 3377
|
| 505 |
0 |
|
|a Invited Paper -- Models and Indices for Integrating Unstructured Data with a Relational Database -- Contributed Papers -- Constraint Relaxations for Discovering Unknown Sequential Patterns -- Mining Formal Concepts with a Bounded Number of Exceptions from Transactional Data -- Theoretical Bounds on the Size of Condensed Representations -- Mining Interesting XML-Enabled Association Rules with Templates -- Database Transposition for Constrained (Closed) Pattern Mining -- An Efficient Algorithm for Mining String Databases Under Constraints -- An Automata Approach to Pattern Collections -- Implicit Enumeration of Patterns -- Condensed Representation of EPs and Patterns Quantified by Frequency-Based Measures.
|
| 650 |
|
0 |
|a Computer science.
|
| 650 |
|
0 |
|a Database management.
|
| 650 |
|
0 |
|a Artificial intelligence.
|
| 650 |
1 |
4 |
|a Computer Science.
|
| 650 |
2 |
4 |
|a Database Management.
|
| 650 |
2 |
4 |
|a Artificial Intelligence (incl. Robotics).
|
| 700 |
1 |
|
|a Goethals, Bart.
|e editor.
|
| 700 |
1 |
|
|a Siebes, Arno.
|e editor.
|
| 710 |
2 |
|
|a SpringerLink (Online service)
|
| 773 |
0 |
|
|t Springer eBooks
|
| 776 |
0 |
8 |
|i Printed edition:
|z 9783540250821
|
| 830 |
|
0 |
|a Lecture Notes in Computer Science,
|x 0302-9743 ;
|v 3377
|
| 856 |
4 |
0 |
|u http://dx.doi.org/10.1007/b106731
|z Full Text via HEAL-Link
|
| 912 |
|
|
|a ZDB-2-SCS
|
| 912 |
|
|
|a ZDB-2-LNC
|
| 950 |
|
|
|a Computer Science (Springer-11645)
|